[Event "Liberec Region-chT 2223"]
[Site "Czech Republic"]
[Date "2023.02.26"]
[Round "9.5"]
[White "Kucina, Ondrej"]
[Black "Tadlik, Petr"]
[Result "1-0"]
[WhiteElo "1458"]
[BlackElo "1854"]
[PlyCount "71"]
[EventDate "2022.10.09"]
[EventType "team-tourn"]
[EventRounds "11"]
[EventCountry "CZE"]
[SourceTitle "EXT 2024"]
[Source "ChessBase"]
[SourceDate "2023.10.10"]
[SourceVersion "1"]
[SourceVersionDate "2023.10.10"]
[SourceQuality "1"]

1. d4 Nf6 2. c4 d5 3. Nc3 e6 4. Bg5 Be7 5. Nf3 0-0 6. e3 b6 7. cxd5 exd5 8. Bd3 Bb7 9. 0-0 h6 10. Bh4 Nbd7 11. a3 c5 12. dxc5 Nxc5 13. Bc2 Rc8 14. Rc1 Re8 15. Nd4 Nfe4 16. Bxe7 Qxe7 17. Nde2 Red8 18. b4 Nxc3 19. Nxc3 Ne4 20. Bxe4 dxe4 21. Qa4 a6 22. Ne2 g6 23. Nd4 Qd6 24. b5 a5 25. Nc6 Re8 26. Rfd1 Qe6 27. Qc4 Rc7 28. Rc2 Qxc4 29. Rxc4 Kf8 30. Nxa5 Rxc4 31. Nxc4 Re6 32. Rd6 Rxd6 33. Nxd6 Bd5 34. Nc8 Bc4 35. a4 Bb3 36. Nxb6 1-0

[Event "Klatovy op-A"]
[Site "Klatovy"]
[Date "1997.??.??"]
[Round "?"]
[White "Soukup, Alois"]
[Black "Tadlik, Petr"]
[Result "1-0"]
[WhiteElo "1975"]
[BlackElo "1880"]
[PlyCount "73"]
[EventDate "1997.??.??"]
[EventType "swiss"]
[EventRounds "9"]
[EventCountry "CZE"]
[SourceTitle "EXT 1998"]
[Source "ChessBase"]
[SourceDate "1997.11.17"]
[SourceVersion "1"]
[SourceVersionDate "1997.11.17"]
[SourceQuality "1"]

1. e4 c5 2. Nf3 d6 3. d4 cxd4 4. Nxd4 Nf6 5. Nc3 a6 6. Bg5 e6 7. f4 Nbd7 8. Bc4 Qa5 9. Qf3 Qc5 10. Qd3 b5 11. Bb3 Bb7 12. a3 Rc8 13. 0-0-0 Be7 14. Bxe6 fxe6 15. Nxe6 Qc4 16. Nxg7+ Kf7 17. Nf5 Rc6 18. Qh3 Bf8 19. Rd4 Qc5 20. Rhd1 h5 21. e5 Ng4 22. Nxd6+ Bxd6 23. Rxd6 Nb6 24. Qd3 Qe3+ 25. Kb1 Qxd3 26. R1xd3 Rhc8 27. Rd7+ Nxd7 28. Rxd7+ Kg6 29. Rxb7 Nxe5 30. Re7 Nc4 31. Re2 Nxa3+ 32. Ka2 Nc4 33. Nd5 Kf7 34. Re7+ Kf8 35. Rh7 Re8 36. Nf6 Re2 37. Bh6# 1-0